LEADER 01011cam2-22003131i-450- 001 990000164000403321 005 20061030143303.0 035 $a000016400 035 $aFED01000016400 035 $a(Aleph)000016400FED01 035 $a000016400 100 $a20020821f18001899km-y0itay50------ba 101 0 $aita 102 $aIT 105 $aaf------001yy 200 1 $aTramvie e ferrovie speciali$ecenni sui sistemi di ferrovie speciali applicati, tentati o solo progettati ...$fper Stanislao Fadda 210 $aTorino$cUTET$d[18..?] 215 $a59 p., 4 c. di tav.$cill.$d31 cm 461 0$1001000009733$12001$aCostruzione ed esercizio delle strade ferrate e delle tramvie$v5.3 cap. 20 610 0 $aCostruzioni ferroviarie 676 $a625.1 700 1$aFadda,$bStanislao$0332531 801 0$aIT$bUNINA$gRICA$2UNIMARC 901 $aBK 912 $a990000164000403321 952 $a13 M 16 80$b3291$fFINBC 959 $aFINBC 996 $aTramvie e ferrovie speciali ..$9121812 997 $aUNINA LEADER 00760nam 2200229 450 001 9910635600903321 005 20230111093338.0 100 $a20230111d u y0engy50 ba 101 0 $ager 102 $aCH 105 $ay-------001yy 200 1 $a<>neue zurcherische gesetz betreffend die direkten steuern$eGesetz, vollziehungsverordnung, sachregister sewie einleitung$fvon W. Wettstein 215 $aZurich$cPolygraphisches institut$d[s.d.] 215 $a156 p.$d24 cm 675 $a330$v23$zita 700 1$aWettstein,$bW$01272644 801 0$aIT$bUNINA$gRICA$2UNIMARC 912 $a9910635600903321 952 $aXIV Z 53$b36705$fFARBC 959 $aFARBC 996 $aNeue zurcherische gesetz betreffend die direkten steuern$92997633 997 $aUNINA